Karl Marx (Record no. 6447)

MARC details
000 -CABECERA
campo de control de longitud fija 00585nam a2200217 a 4500
001 - NÚMERO DE CONTROL
campo de control BRCA_6764
005 - FECHA Y HORA DE LA ÚLTIMA TRANSACCIÓN
campo de control 20190320205600.0
008 - DATOS DE LONGITUD FIJA--INFORMACIÓN GENERAL
campo de control de longitud fija 251011s1920----gw-c######---#000-0#ger-#
041 ## - CÓDIGO DE LENGUA
Código de lengua del texto/banda sonora o título independiente ger
044 ## - CÓDIGO DEL PAÍS DE LA ENTIDAD EDITORA/PRODUCTORA
Código MARC del país gw
050 #4 - SIGNATURA TOPOGRÁFICA DE LA BIBLIOTECA DEL CONGRESO
Número de clasificación HX39.5
Número de documento/Ítem M44
-- 1920
245 10 - MENCIÓN DE TÍTULO
Título Karl Marx
Resto del título Geschichte seines Lebens
Mención de responsabilidad, etc. Franz Mehring
250 ## - MENCIÓN DE EDICIÓN
Mención de edición 3
260 ## - PUBLICACIÓN, DISTRIBUCIÓN, ETC.
Lugar de publicación, distribución, etc. Leipzig, Alemania
Nombre del editor, distribuidor, etc. Leipziger Buchdruckesel
Fecha de publicación, distribución, etc. 1920
300 ## - DESCRIPCIÓN FÍSICA
Extensión 544 p.
Otras características físicas il., retratos
Dimensiones 28 cm.
500 ## - NOTA GENERAL
Nota general Estado físico: hojas maltratadas
500 ## - NOTA GENERAL
Nota general I130
650 14 - PUNTO DE ACCESO ADICIONAL DE MATERIA--TÉRMINO DE MATERIA
Término de materia o nombre geográfico como elemento de entrada Marx, Karl
Subdivisión cronológica 1818-1883
9 (RLIN) 16885
902 ## - CATALOGADOR
Iniciales GFM
942 ## - ELEMENTOS DE PUNTO DE ACCESO ADICIONAL (KOHA)
Fuente del sistema de clasificación o colocación Library of Congress Classification
Tipo de ítem Koha Libros
Holdings
Estado de retiro Estado de pérdida Estado dañado No para préstamo Localización permanente Ubicación/localización actual Fecha de adquisición Número de inventario Total de préstamos Signatura topográfica completa Código de barras Fecha visto por última vez Precio válido a partir de Tipo de ítem Koha
El ejemplar forma parte de la colección y puede ser consultado según las políticas vigentes.       Biblioteca del Museo Franz Mayer (Rogerio Casas-Alatriste) Biblioteca del Museo Franz Mayer (Rogerio Casas-Alatriste) 25/10/2011 I130   HX39.5 M44 1920 (I130) 7211 22/03/2019 22/03/2019 Libros